| 000 | 00669nam a2200241 a 4500 | ||
|---|---|---|---|
| 001 | 72267 | ||
| 003 | BD-RjUL | ||
| 005 | 20211209082235.0 | ||
| 008 | 170516s1989 enka|||| |||| 001 0 eng d | ||
| 020 | _a069704386X | ||
| 035 | _a(BD-RjUL)72484 | ||
| 040 |
_aBD-RjUL _beng _cBD-RjUL _dBD-RjUL |
||
| 041 | _aeng | ||
| 082 |
_223 _a550 _bMOE 1989 |
||
| 100 | 1 |
_aW Montgomery, Carla _9205229 |
|
| 245 | 1 | 0 |
_aEnvironmental geology / _cCarla W Montgomery |
| 250 | _a2nd ed. | ||
| 260 |
_aDubuque Iowa : _bW.C. Brown, cop., _cc1989. |
||
| 300 |
_axix, 476 p. : _bill. ; _c25 cm. |
||
| 500 | _aIncludes index | ||
| 650 |
_aEnvironmental geology _9205230 |
||
| 942 |
_2ddc _cBK |
||
| 999 |
_c72267 _d72267 |
||